00537nam a2200193 a 4500001001300000003000900013005001700022008004100039020001000080082001700090100002500107245007100132260003300203300000900236500003500245505001400280650002400294700002500318nice12345678IN_TiNIC20260116015138.0050524s1998 dela grp 000 0 eng  ac20000a361.763bFER aFernando, Emmanuel S aNGO-NETb Selected Addresses of Social Work Organisations in India aDelhibDeni Book Depotc1998 a204p aincludes index and biblioraphy2 aAppendice aSocial-Service-ngos1 aFernando, Emmanuel S